NBA 2023-24 Top 5 Scorers on Each Team - Statistics

General Stats
  • This quiz has been taken 529 times
  • The average score is 110 of 150
Answer Stats
Team PPG Player % Correct
Atlanta Hawks 25.7 Trae Young
99%
Boston Celtics 23.0 Jaylen Brown
98%
Boston Celtics 26.9 Jayson Tatum
98%
Milwaukee Bucks 30.4 Giannis Antetokounmpo
97%
Denver Nuggets 21.2 Jamal Murray
97%
Atlanta Hawks 22.5 Dejounte Murray
96%
Sacramento Kings 15.2 Keegan Murray
96%
Chicago Bulls 19.1 Coby White
95%
Boston Celtics 15.2 Derrick White
95%
Miami Heat 20.8 Jimmy Butler
95%
Boston Celtics 20.1 Kristaps Porzingis
95%
Charlotte Hornets 23.9 LaMelo Ball
95%
Minnesota Timberwolves 25.9 Anthony Edwards
94%
Milwaukee Bucks 24.3 Damian Lillard
94%
Cleveland Cavaliers 26.6 Donovan Mitchell
94%
New York Knicks 28.7 Jalen Brunson
94%
Oklahoma City Thunder 19.1 Jalen Williams
94%
Minnesota Timberwolves 21.8 Karl-Anthony Towns
94%
Dallas Mavericks 33.9 Luka Doncic
94%
Golden State Warriors 26.4 Stephen Curry
94%
New Orleans Pelicans 22.9 Zion Williamson
94%
Chicago Bulls 24.0 DeMar DeRozan
93%
Golden State Warriors 17.9 Klay Thompson
93%
Denver Nuggets 26.4 Nikola Jokic
93%
Miami Heat 19.3 Bam Adebayo
92%
Houston Rockets 19.6 Jalen Green
92%
Philadelphia 76ers 34.7 Joel Embiid
92%
Boston Celtics 12.5 Jrue Holiday
92%
Dallas Mavericks 25.6 Kyrie Irving
92%
Los Angeles Lakers 25.7 LeBron James
92%
Oklahoma City Thunder 30.1 Shai Gilgeous-Alexander
92%
Los Angeles Lakers 24.7 Anthony Davis
91%
LA Clippers 23.7 Kawhi Leonard
91%
Phoenix Suns 27.1 Devin Booker
90%
Detroit Pistons 13.8 Jalen Duren
90%
Phoenix Suns 27.1 Kevin Durant
90%
Orlando Magic 22.6 Paolo Banchero
90%
Miami Heat 20.8 Tyler Herro
90%
Indiana Pacers 20.1 Tyrese Haliburton
90%
Chicago Bulls 19.5 Zach Lavine
90%
Detroit Pistons 22.7 Cade Cunningham
89%
Cleveland Cavaliers 16.5 Jarrett Allen
89%
Milwaukee Bucks 15.1 Khris Middleton
89%
Brooklyn Nets 19.6 Mikal Bridges
89%
LA Clippers 22.6 Paul George
89%
Minnesota Timberwolves 14.0 Rudy Gobert
89%
Cleveland Cavaliers 18.0 Darius Garland
88%
Sacramento Kings 26.6 De'Aaron Fox
88%
Phoenix Suns 13.5 Grayson Allen
88%
LA Clippers 16.6 James Harden
88%
Memphis Grizzlies 22.5 Jaren Jackson Jr.
88%
Utah Jazz 13.0 Keyonte George
88%
Charlotte Hornets 21.0 Miles Bridges
88%
Philadelphia 76ers 25.9 Tyrese Maxey
88%
San Antonio Spurs 21.4 Victor Wembanyama
88%
New Orleans Pelicans 20.8 Brandon Ingram
87%
Milwaukee Bucks 12.5 Brook Lopez
87%
Sacramento Kings 19.4 Domantas Sabonis
87%
Denver Nuggets 16.7 Michael Porter Jr.
87%
Cleveland Cavaliers 15.7 Evan Mobley
86%
New York Knicks 24.0 Julius Randle
86%
Indiana Pacers 21.3 Pascal Siakam
86%
Toronto Raptors 22.2 Pascal Siakam
86%
Phoenix Suns 18.2 Bradley Beal
85%
Oklahoma City Thunder 16.5 Chet Holmgren
85%
Denver Nuggets 13.9 Aaron Gordon
83%
Phoenix Suns 11.0 Eric Gordon
83%
Los Angeles Lakers 15.9 Austin Reaves
81%
Brooklyn Nets 13.4 Cameron Johnson
81%
Atlanta Hawks 16.0 Jalen Johnson
81%
San Antonio Spurs 15.7 Keldon Johnson
81%
Orlando Magic 19.7 Franz Wagner
80%
Memphis Grizzlies 14.6 GG Jackson
80%
Washington Wizards 17.4 Jordan Poole
80%
Chicago Bulls 18.0 Nikola Vucevic
80%
Brooklyn Nets 22.5 Cam Thomas
79%
New Orleans Pelicans 20.0 CJ McCollum
79%
Utah Jazz 23.2 Lauri Markkanen
79%
Denver Nuggets 10.2 Reggie Jackson
79%
Houston Rockets 21.1 Alperen Sengun
78%
Los Angeles Lakers 18.0 D'Angelo Russell
78%
Washington Wizards 22.2 Kyle Kuzma
78%
Minnesota Timberwolves 11.4 Mike Conley
78%
Indiana Pacers 17.1 Myles Turner
78%
Golden State Warriors 13.2 Andrew Wiggins
76%
Portland Trail Blazers 22.6 Anfernee Simons
76%
Memphis Grizzlies 23.7 Desmond Bane
76%
LA Clippers 11.7 Ivica Zubac
76%
Philadelphia 76ers 17.2 Tobias Harris
75%
Houston Rockets 17.4 Fred VanVleet
73%
Sacramento Kings 12.2 Harrison Barnes
72%
Toronto Raptors 19.9 Scottie Barnes
72%
Portland Trail Blazers 16.7 DeAndre Ayton
69%
Dallas Mavericks 11.7 PJ Washington
69%
Miami Heat 12.9 Duncan Robinson
67%
Oklahoma City Thunder 12.3 Josh Giddey
67%
Toronto Raptors 15.1 OG Anunoby
67%
Dallas Mavericks 11.2 Daniel Gafford
66%
New York Knicks 18.2 RJ Barrett
64%
Toronto Raptors 21.8 RJ Barrett
64%
Charlotte Hornets 23.2 Terry Rozier
64%
Miami Heat 16.4 Terry Rozier
64%
Atlanta Hawks 16.9 Bogdan Bogdanovic
63%
Detroit Pistons 20.2 Bojan Bogdanovic
63%
Orlando Magic 12.6 Jalen Suggs
63%
New Orleans Pelicans 12.2 Jonas Valanciunas
63%
Golden State Warriors 16.1 Jonathan Kuminga
63%
Los Angeles Lakers 13.6 Rui Hachimura
63%
Charlotte Hornets 17.3 Brandon Miller
62%
Oklahoma City Thunder 10.9 Luguentz Dort
62%
Minnesota Timberwolves 13.5 Naz Reid
62%
Milwaukee Bucks 13.8 Bobby Portis
61%
New York Knicks 15.5 Donte DiVincenzo
61%
Utah Jazz 18.7 Collin Sexton
60%
Houston Rockets 12.7 Dillon Brooks
60%
Houston Rockets 13.7 Jabari Smith Jr.
60%
Detroit Pistons 15.4 Jaden Ivey
59%
Portland Trail Blazers 21.0 Jerami Grant
58%
San Antonio Spurs 19.5 Devin Vassell
57%
Utah Jazz 15.1 John Collins
55%
San Antonio Spurs 11.2 Zach Collins
55%
Philadelphia 76ers 15.4 Kelly Oubre Jr.
54%
Sacramento Kings 15.4 Malik Monk
54%
LA Clippers 13.9 Norman Powell
54%
Utah Jazz 17.1 Jordan Clarkson
53%
Cleveland Cavaliers 14.0 Caris LeVert
51%
New York Knicks 15.0 Immanuel Quickley
51%
Toronto Raptors 18.6 Immanuel Quickley
51%
San Antonio Spurs 11.6 Jeremy Sochan
51%
Dallas Mavericks 14.4 Tim Hardaway Jr.
51%
Atlanta Hawks 15.6 De'Andre Hunter
49%
Orlando Magic 11.0 Wendell Carter Jr.
49%
New Orleans Pelicans 14.8 Trey Murphy III
46%
Washington Wizards 14.7 Deni Avdija
45%
Orlando Magic 11.6 Cole Anthony
44%
Memphis Grizzlies 14.5 Marcus Smart
44%
Philadelphia 76ers 12.2 Buddy Hield
43%
Indiana Pacers 12.2 Aaron Nesmith
42%
Golden State Warriors 9.2 Brandin Podziemski
40%
Indiana Pacers 14.5 Bennedict Mathurin
39%
Portland Trail Blazers 15.9 Shaedon Sharpe
38%
Brooklyn Nets 14.6 Dennis Schroder
37%
Brooklyn Nets 12.6 Spencer Dinwiddie
36%
Charlotte Hornets 14.5 Gordon Hayward
29%
Chicago Bulls 12.2 Ayo Dosunmu
27%
Washington Wizards 13.4 Corey Kispert
19%
Detroit Pistons 12.6 Alec Burks
17%
Washington Wizards 13.3 Marvin Bagley III
17%
Memphis Grizzlies 12.9 Scotty Pippen Jr.
15%
Portland Trail Blazers 16.7 Dalano Banton
5%
No matching quizzes found
Score Distribution
Percent of People with Each Score
Percentile by Number Answered
Your Score History
You have not taken this quiz